|
|
|
|
| LEADER |
01177nam a22003011 4500 |
| 001 |
c000324134 |
| 003 |
CARM |
| 005 |
00000000000000.0 |
| 008 |
740625s1966 dcu b 00010 eng |
| 019 |
1 |
|
|a 713812
|5 LACONCORD2021
|
| 035 |
|
|
|a (OCoLC)184506
|5 LACONCORD2021
|
| 043 |
|
|
|a n-us---
|
| 050 |
0 |
0 |
|a HG181
|b .B3
|
| 100 |
1 |
|
|a Barlow, Robin.
|
| 245 |
1 |
0 |
|a Economic behavior of the affluent
|c [by] Robin Barlow, Harvey E. Brazer [and] James N. Morgan.
|
| 260 |
|
|
|a Washington,
|b Brookings Institution
|c [1966]
|
| 300 |
|
|
|a xiv, 285 p.
|c 24 cm.
|
| 410 |
2 |
0 |
|a Brookings Institution.
|t Studies of government finance
|
| 504 |
|
|
|a Bibliographical footnotes.
|
| 650 |
|
0 |
|a Capitalists and financiers
|z United States.
|
| 650 |
|
0 |
|a Saving and investment
|z United States.
|
| 650 |
|
0 |
|a Wealth
|z United States.
|
| 700 |
1 |
|
|a Brazer, Harvey Elliot,
|d 1922-
|e joint author.
|
| 700 |
1 |
|
|a Morgan, James N.,
|d 1918-
|e joint author.
|
| 852 |
8 |
|
|b CARM
|h A1:AL02F0
|i B09849
|p 0443380
|f BK
|
| 082 |
0 |
4 |
|a 332
|
| 999 |
f |
f |
|i 0a311ece-e8b4-5184-9c41-b63aabbbc77d
|s a9f0d73b-4d40-5eaf-8480-15dfc79c89ed
|
| 952 |
f |
f |
|p Can circulate
|a CAVAL
|b CAVAL
|c CAVAL
|d CARM 1 Store
|e B09849
|f A1:AL02F0
|h Other scheme
|i book
|m 0443380
|